000 00358nam a22001457a 4500
005 20251223142857.0
008 251223b |||||||| |||| 00| 0 eng d
020 _a0 24951 03000 8
050 _aPE 1628 .W43 1990
100 _aLIZ KAUFFMAN
245 _aWEBSTER'S DICTIONARY
260 _aUSA
_bNICKEL PRESS
_c1990
300 _a440P.
942 _2lcc
_cREF
999 _c216390
_d216390